Normal view MARC view
  • Monzón, Luis G.,

Entry Nombre Personal

Number of records used in: 5

001 - NUMERO DE CONTROL

  • campo de control: 31997

003 - IDENTIFICADOR DE NUMERO DE CONTROL

  • campo de control: DLC

005 - FECHA Y HORA DE LA ÜLTIMA TRANSACCIÓN

  • campo de control: 20221024153547.0

008 - DATOS DE LONGITUD FIJA

  • campo de control de longitud fija: 210510n| azannaabn |a aaa

010 ## - NÚMERO DE CONTROL DE LA BIBLIOTECA DEL CONGRESO

  • Número de control LC: n 2021025749

040 ## - FUENTE DE CATALOGACIÓN

  • Agencia original de catalogación: DLC
  • Lenguaje de catalogación: spa
  • Agencia de transcripción: DLC
  • Description conventions: rda
  • Agencia que lo modifica: MX-MxUPN

046 ## - FECHAS CON CODIFICACIÓN ESPECIAL

  • Fecha de nacimiento: 1872-11-15
  • Fecha de muerte: 1942-06-05

100 1# - ENCABEZAMIENTO - NOMBRE PERSONAL

  • Nombre personal: Monzón, Luis G.,
  • Fechas asociadas con el nombre: 1872-1942

370 ## - LUGAR ASOCIADO

  • Place of birth: Villa de Arriaga (México)
  • Place of death: Ciudad de México

374 ## - OCUPACIÓN

  • Occupation: Educador

377 ## - LENGUA ASOCIADA

  • Language code: spa

400 1# - VEÁSE - NOMBRE DE PERSONA

  • Personal name: Monzón, L.G.

670 ## - FUENTE EN LA QUE SE LOCALIZARON DATOS

  • Cita de la fuente: Semblanzas biográficas de cuatro profesores y una profesora normalista, 2019:
  • Información localizada: portada (Luis G. Monzón) página 42 (b. noviembre 15, 1872 Villa de Arriaga, México; educador) página 48 (murió el 5 de junio de 1942 en la ciudad de México)

670 ## - FUENTE EN LA QUE SE LOCALIZARON DATOS

  • Cita de la fuente: La escuela campesina, 1932:
  • Información localizada: portada (L.G. Monzón)

902 ## - CATALOGADOR

  • Catalogador: Víctor Ruiz/241022